002930000a22001210004500020001800000041000800018082001600026100002800042245004300070260004000113300001200153001000600165 a84-7017-742-70 aSPA04aG 863 F954c1 aFuentes, Carlos (1928-)10aLa cabeza de la hidra / Carlos Fuentes aBarcelona, España : Argos Vergara a286 Pag11061